000 00634cam a22002053a 4500
001 34749
003 PGUSA
005 20140828083741.0
008 101224s2010||||xxu|||||s|||||000 | eng d
040 _aPGUSA
_beng
042 _adc
100 1 _aMorrison, Gertrude W.
245 1 4 _aThe Girls of Central High on Track and Field :
_bThe Champions of the School League
_h[electronic resource] /
_cGertrude W. Morrison
260 _bProject Gutenberg,
_c2010
506 _aPublic domain in the USA.
516 _aElectronic text
830 0 _aProject Gutenberg
_v34749
856 4 0 _uhttp://www.gutenberg.org/ebooks/34749
942 _cEB
999 _c264004
_d264004